[Event "Bremen-ch Seniors"]
[Site "Bremen"]
[Date "2015.01.07"]
[Round "3"]
[White "Baumann, Harry"]
[Black "Waldeck, Erhard"]
[Result "1-0"]
[WhiteElo "1869"]
[BlackElo "1718"]
[PlyCount "101"]
[EventDate "2015.01.05"]
[EventType "swiss"]
[EventRounds "7"]
[EventCountry "GER"]
[SourceTitle "EXT 2018"]
[Source "ChessBase"]
[SourceDate "2017.10.13"]
[SourceVersion "1"]
[SourceVersionDate "2017.10.13"]
[SourceQuality "1"]

1. d4 Nf6 2. c4 g6 3. Nc3 d5 4. cxd5 Nxd5 5. e4 Nb6 6. h3 Bg7 7. Nf3 0-0 8. Be2 c6 9. 0-0 Be6 10. b3 c5 11. Be3 cxd4 12. Bxd4 Nc6 13. Bxg7 Kxg7 14. Qc1 Nd4 15. Nxd4 Qxd4 16. Rd1 Qc5 17. Qb2 Kg8 18. Rac1 Qg5 19. Kh1 Qh4 20. Bf1 Nd7 21. g3 Qf6 22. Na4 Qf3+ 23. Bg2 Qh5 24. Kh2 Nf6 25. Re1 Ng4+ 26. Kg1 Nf6 27. Rc5 Qh6 28. e5 Nd7 29. Qc1 Qh5 30. g4 Qh4 31. Rc7 f6 32. Qe3 fxe5 33. Rxb7 Rac8 34. Rxa7 Rc2 35. Rf1 Rxa2 36. Nc5 Rxa7 37. Nxe6 Ra2 38. Nxf8 Kxf8 39. Rd1 Nf6 40. Rd8+ Kg7 41. g5 Ra1+ 42. Bf1 Ng4 43. hxg4 Qxg4+ 44. Qg3 Qe2 45. Qh3 h5 46. gxh6+ Kh7 47. Rd3 e4 48. Re3 Qc2 49. Qe6 Qc5 50. Qf7+ Kxh6 51. Rh3+ 1-0